| 000 | 00775nam a22002417a 4500 | ||
|---|---|---|---|
| 001 | 65537 | ||
| 003 | UA-OsUOA | ||
| 005 | 20220531142449.0 | ||
| 007 | ta | ||
| 008 | 20091126b un ||||| |||| 00| 0 ukr d | ||
| 020 | _a9660238789 | ||
| 040 |
_aUA-OsUOA _bukr _cUA-OsUOA _dUA-OsUOA |
||
| 041 | _aukr | ||
| 080 | _a271(091)(477) | ||
| 090 |
_a271(091)(477) _bИ91 |
||
| 245 |
_aИсточники по истории Куреневских старообрядческих монастырей ХІХ–ХХ века _bcборник документов _cС. Таранец |
||
| 260 |
_aК. _c2006 |
||
| 300 | _a360 с. | ||
| 505 | _gТ. 1 | ||
| 650 | 7 |
_a27 Загальна історія Християнської церкви _2UDC |
|
| 942 |
_cBK _2udc |
||
| 955 | _a2 | ||
| 999 |
_c351508 _d351508 |
||